| 000 | 02409nam a2200385 i 4500 | ||
|---|---|---|---|
| 001 | ocn851191508 | ||
| 003 | EG-ScBUE | ||
| 005 | 20230406114547.0 | ||
| 008 | 130628s2023 sz a f b 001 0 eng d | ||
| 020 | _a9783721201451 | ||
| 035 | _a(OCoLC)ocn851191508 | ||
| 035 | _a(OCoLC)851191508 | ||
| 040 |
_aVMC _beng _erda _cVMC _dOCLCO _dOCLCF _dOCLCQ _dEG-ScBUE |
||
| 041 | 1 |
_aeng _ager _hger |
|
| 082 | 0 | 4 |
_222 _a686.224 _bMÜL |
| 100 | 1 |
_aMüller-Brockmann, Josef, _d1914-1996, _eauthor. |
|
| 245 | 1 | 0 |
_aGrid systems in graphic design : _ba visual communication manual for graphic designers, typographers and three dimensional designers = Raster Systeme für die visuelle Gestaltung : ein Handbuch für Grafiker, Typografen und Ausstellungsgestalter / _cJosef Müller-Brockmann ; [English version by D.Q. Stephenson]. |
| 246 | 3 | 1 |
_aRaster Systeme für die visuelle Gestaltung : _bein Handbuch für Grafiker, Typografen und Ausstellungsgestalter |
| 250 | _aTwenty edition. | ||
| 264 | 1 |
_aSalenstein : _bNiggli, _c2023. |
|
| 300 |
_a176 pages : _billustrations (some color) ; _c31 cm |
||
| 336 |
_atext _btxt _2rdacontent |
||
| 337 |
_aunmediated _bn _2rdamedia |
||
| 338 |
_avolume _bnc _2rdacarrier |
||
| 504 | _aIncludes bibliographical references and index. | ||
| 505 | 1 | _aForeword -- The book -- Grid and design philosophy -- The typographic grid -- What is the purpose of the grid? -- Sizes of paper -- The typographic measuring system -- Typeface alphabets -- Width of column -- Leading -- Margin Proportions -- Page numbers -- Body and display faces -- Construction of the type area -- Construction of the grid -- Type and picture area with 8 grid fields -- Type and picture area with 20 grid fields -- Type and picture area with 32 grid fields -- The photograph in the grid system -- The illustration in the grid system -- Solid tint in the grid system -- Practical examples -- The grid system in corporate identity -- The grid in three-dimensional design -- Examples of exhibitions -- System of order in ancient and modern times -- Concluding remarks -- Bibliography -- List of artists. | |
| 546 | _aParallel English and German text. | ||
| 650 | 7 |
_aGraphic design (Typography) _2BUEsh |
|
| 650 | 7 |
_aGrids (Typographic design) _2BUEsh |
|
| 650 | 7 |
_aLayout (Printing) _2BUEsh |
|
| 653 |
_bART _cApril2023 |
||
| 655 | _vReading book | ||
| 700 | 1 |
_aStephenson, D. Q., _eauthor. |
|
| 942 |
_2ddc _cBB |
||
| 999 |
_c30289 _d30260 |
||